Strictly Come Dancing professional dancers - Statistics

General Stats
  • This quiz has been taken 203 times
    169 since last reset
  • The average score is 9 of 17
Answer Stats
Answer % Correct
Giovanni Pernice
87%
Amy Dowden
84%
Dianne Buswell
83%
Gorka Marquez
78%
Karen Hauer
74%
Neil Jones
73%
Katya Jones
70%
Nadiya Bychkova
70%
Nancy Xu
69%
Johannes Radebe
65%
Luba Mushtuk
58%
Graziano Di Prima
55%
Aljaž Skorjanec
35%
Kai Widdrington
17%
Nikita Kuzmin
16%
Cameron Lombard
7%
Jowita Prystal
4%
No matching quizzes found
Score Distribution
Percent of People with Each Score
Percentile by Number Answered
Your Score History
You have not taken this quiz since the last reset